| 000 | 01194nam a22002777a 4500 | ||
|---|---|---|---|
| 999 |
_c63825 _d63825 |
||
| 005 | 20240530110700.0 | ||
| 008 | 171225s2015 ua a g b 000 0dara d | ||
| 017 |
_a2015/5355 _bمصر. دار الكتب |
||
| 020 | _a9789779201672 | ||
| 040 |
_aEG-CaGPL _cEG-CaGPL |
||
| 082 | 0 | 4 |
_221 _a339.46\ _bب ف |
| 100 | 1 | _aبوش ، راى | |
| 245 | 1 | 2 |
_aالفقر والليبرالية الجديدة : _bالاستمرارية واعادة الانتاج فى جنوب العالم / _cتأليف راى بوش ؛ ترجمة الهام عيداروس ، وليد سليم |
| 250 | _aط.1 | ||
| 260 |
_aالقاهرة : _bالمركز القومى للترجمة ، _c2015 . |
||
| 300 |
_a350 ص. ؛ _c24 سم. |
||
| 490 |
_aالمركز القومى للترجمة ؛ _v2333 |
||
| 650 | 0 | 7 |
_2qrmak _aالفقر |
| 650 | 0 | 7 |
_2qrmak _aالليبرالية |
| 651 | 0 | 7 |
_2qrmak _aالعالم _xالاحوال الاقتصادية |
| 651 | 0 | 7 |
_2qrmak _aافريقيا _xالاحوال الاقتصادية |
| 700 | 0 |
_aالهام عيداروس _eمترجم |
|
| 700 | 0 |
_aوليد سليم _eمترجم مشارك |
|
| 942 |
_2ddc _cBK |
||